[Event "Mistrzostwa Polski Juniorów Młodszych"]
[Site "Suwałki, Poland"]
[Date "2025.04.26"]
[Round "4.15"]
[White "Wasilewski, Mateusz"]
[Black "Machaj, Szymon"]
[Result "0-1"]
[WhiteElo "1678"]
[BlackElo "1760"]
[PlyCount "126"]
[EventDate "2025.??.??"]

1. e4 c5 2. Nf3 e6 3. d4 cxd4 4. Nxd4 Nf6 5. Bd3 Nc6 6. Nxc6 bxc6 7. O-O d5 8. e5 Nd7 9. Re1 Be7 10. Qg4 g6 11. Bh6 Bf8 12. Bxf8 Nxf8 13. c4 Ba6 14. Qd4 Qb6 15. Qxb6 axb6 16. Nd2 Nd7 17. Bf1 Ke7 18. cxd5 cxd5 19. Bxa6 Rxa6 20. Nf3 Rc8 21. Kf1 Ra5 22. Re2 Rc4 23. a3 Kd8 24. g3 h6 25. h4 Ke7 26. Rd1 Rac5 27. Rdd2 Rc1+ 28. Kg2 R1c4 29. Kf1 Re4 30. Kg2 Rxe2 31. Rxe2 Rc4 32. Kf1 Kd8 33. Ke1 Nc5 34. Kd1 Ne4 35. Nd2 Rd4 36. Kc2 Nxd2 37. Rxd2 Re4 38. f4 g5 39. hxg5 hxg5 40. Rf2 gxf4 41. gxf4 Kc7 42. Kd3 Kc6 43. b3 Kb5 44. Rf1 Ka5 45. Rf2 Re1 46. Kc2 Kb5 47. Kd2 Ra1 48. Kc3 Re1 49. Kd3 Rd1+ 50. Kc2 Rh1 51. f5 Rh5 52. fxe6 fxe6 53. Re2 Kc5 54. Kd3 Rh3+ 55. Re3 Rh4 56. Rg3 Rh5 57. Re3 d4 58. Re4 Rh3+ 59. Kc2 Kd5 60. Re1 Rh5 61. Kd3 Rxe5 62. Rh1 Re3+ 63. Kd2 Rxb3 0-1

[Event "Mistrzostwa Polski Juniorów Młodszych"]
[Site "Suwałki, Poland"]
[Date "2025.04.26"]
[Round "4.14"]
[White "Kucewicz, Piotr"]
[Black "Cieslar, Nikodem"]
[Result "1-0"]
[WhiteElo "1764"]
[BlackElo "1686"]
[PlyCount "113"]
[EventDate "2025.??.??"]

1. e4 e5 2. Nf3 Nc6 3. d4 exd4 4. Nxd4 Qf6 5. Nb5 Bc5 6. Qe2 Bb6 7. N1c3 Nge7 8. Be3 Ba5 9. O-O-O a6 10. Nd5 Nxd5 11. exd5 axb5 12. dxc6 bxc6 13. Bd4+ Qe6 14. Qxe6+ fxe6 15. Bxg7 Rg8 16. Bd4 Bb7 17. Rg1 Bb6 18. Bxb6 cxb6 19. a3 Ke7 20. Bd3 h5 21. Rde1 Raf8 22. f3 h4 23. Re4 h3 24. g3 Rh8 25. f4 Rhg8 26. Rge1 Rf6 27. Re5 Rh6 28. f5 Kd6 29. R5e3 Rf8 30. g4 Rg8 31. Rg3 Rg5 32. fxe6 dxe6 33. Ree3 e5 34. Bf5 Rf6 35. Rxh3 Rg7 36. Rh8 Re7 37. h4 c5 38. h5 Ref7 39. h6 Rf8 40. Rxf8 Rxf8 41. Rd3+ Kc7 42. Rd7+ Kc6 43. h7 Rxf5 44. gxf5 Kxd7 45. h8=Q Bd5 46. Qxe5 Kc6 47. f6 c4 48. Qxd5+ Kxd5 49. f7 c3 50. f8=Q cxb2+ 51. Kxb2 Kc6 52. Kb3 Kb7 53. Kb4 Ka7 54. Kxb5 Kb7 55. Qe7+ Kb8 56. Kxb6 Ka8 57. Qd8# 1-0

[Event "Mistrzostwa Polski Juniorów Młodszych"]
[Site "Suwałki, Poland"]
[Date "2025.04.26"]
[Round "4.26"]
[White "Radziszewski, Leon"]
[Black "Kupczyk, Jan"]
[Result "1-0"]
[WhiteElo "1598"]
[BlackElo "1524"]
[PlyCount "73"]
[EventDate "2025.??.??"]

1. e4 e5 2. Nf3 Nf6 3. Nxe5 d6 4. Nf3 Nxe4 5. d4 d5 6. Nbd2 Nxd2 7. Bxd2 Be7 8. h4 Nd7 9. h5 Nf6 10. Qe2 Ne4 11. Bf4 Be6 12. Qb5+ c6 13. Qxb7 Rc8 14. Qb3 c5 15. Bb5+ Kf8 16. h6 g6 17. c3 c4 18. Qc2 a6 19. Ba4 Bf5 20. Qe2 Qa5 21. Qd1 g5 22. Be3 Rb8 23. Nd2 Rxb2 24. Nxe4 Bxe4 25. Bd2 Bd3 26. Bd7 Rxa2 27. Rxa2 Qxa2 28. Rh3 Bc2 29. Qc1 Ba3 30. Re3 f6 31. Qxc2 Qxc2 32. Re8+ Kf7 33. Rxh8 Bf8 34. g4 Qg6 35. Bf5 Qxf5 36. gxf5 a5 37. Rxh7+ 1-0

[Event "Mistrzostwa Polski Juniorów Młodszych"]
[Site "Suwałki, Poland"]
[Date "2025.04.26"]
[Round "4.7"]
[White "Szuminski, Jakub"]
[Black "Buklaho, Ignacy"]
[Result "0-1"]
[WhiteElo "1698"]
[BlackElo "1932"]
[PlyCount "106"]
[EventDate "2025.??.??"]

1. e4 c5 2. Nf3 e6 3. d4 cxd4 4. Nxd4 Nc6 5. Nxc6 bxc6 6. Bd3 d5 7. Qe2 Nf6 8. Nd2 Be7 9. O-O O-O 10. b3 a5 11. a4 Re8 12. Bb2 Bb7 13. c4 Rb8 14. Rad1 Ba8 15. cxd5 cxd5 16. Bb5 Rf8 17. exd5 Qxd5 18. f3 Qc5+ 19. Kh1 Bc6 20. Bxc6 Qxc6 21. Nc4 Nd5 22. Nxa5 Qc5 23. Qe1 Rb4 24. Qg3 f6 25. Qe1 Kf7 26. Ba3 Qxa5 27. Bxb4 Bxb4 28. Qh4 Kg8 29. Qe4 Qb6 30. Rc1 Ba3 31. Rce1 Re8 32. Qd3 Rd8 33. Qe4 Re8 34. Qd3 Bb4 35. Rc1 Rd8 36. Rfd1 Ba5 37. Qc4 Rb8 38. Qc6 Qxc6 39. Rxc6 Kf7 40. Ra6 Bc3 41. Ra7+ Kg6 42. Ra6 Kf7 43. Ra7+ Kg6 44. Ra6 Kf5 45. Ra7 g5 46. Rxh7 Rxb3 47. Rh8 Ra3 48. Rc8 Rxa4 49. Rxd5+ exd5 50. g4+ Ke5 51. Rxc3 Kd4 52. Rc6 Ke3 53. Rxf6 Kf2 0-1

[Event "Mistrzostwa Polski Juniorów Młodszych"]
[Site "Suwałki, Poland"]
[Date "2025.04.26"]
[Round "4.19"]
[White "Brzeski, Karol"]
[Black "Czech, Emil"]
[Result "1/2-1/2"]
[WhiteElo "1510"]
[BlackElo "1673"]
[PlyCount "67"]
[EventDate "2025.??.??"]

1. c4 Nf6 2. d4 e6 3. Nc3 Bb4 4. Bg5 c5 5. e3 Qa5 6. Bxf6 Bxc3+ 7. bxc3 Qxc3+ 8. Ke2 Qxc4+ 9. Kf3 Qd5+ 10. e4 Qh5+ 11. g4 Qg6 12. Be5 Nc6 13. Bb5 f6 14. Bxc6 fxe5 15. Ba4 O-O+ 16. Kg2 Qxe4+ 17. f3 Qxd4 18. Nh3 d5 19. Qxd4 exd4 20. Rhe1 a6 21. Ng5 Rf6 22. Be8 h6 23. Nh3 Kf8 24. Bh5 Ke7 25. Re5 Kd6 26. Rae1 Bd7 27. g5 Rff8 28. Bg4 Rae8 29. Bh5 Rc8 30. Bg4 d3 31. Nf2 c4 32. Bxe6 Bxe6 33. Rxe6+ Kc5 34. Rd1 1/2-1/2

[Event "Mistrzostwa Polski Juniorów Młodszych"]
[Site "Suwałki, Poland"]
[Date "2025.04.26"]
[Round "4.25"]
[White "Guss, Hubert"]
[Black "Pisarski, Marek"]
[Result "1-0"]
[WhiteElo "1599"]
[BlackElo "1594"]
[PlyCount "57"]
[EventDate "2025.??.??"]

1. c4 Nf6 2. d4 c5 3. e3 e6 4. Nf3 d5 5. cxd5 exd5 6. Nc3 Bg4 7. Be2 Bd6 8. Qb3 c4 9. Qxb7 Bc7 10. Qxa8 a6 11. Bd2 Bd7 12. Ne5 Bxe5 13. dxe5 Qb6 14. exf6 Bc6 15. fxg7 Rg8 16. Nxd5 Qxb2 17. Qxb8+ Qxb8 18. Nf6+ Ke7 19. Nxg8+ Qxg8 20. Bb4+ Kd7 21. Rd1+ Kc7 22. Bc3 Bb5 23. Bf3 f6 24. Ba5+ Kc8 25. Rd8+ Qxd8 26. Bxd8 Kxd8 27. g8=Q+ Kc7 28. Qxh7+ Kb8 29. Qb7# 1-0

[Event "Mistrzostwa Polski Juniorów Młodszych"]
[Site "Suwałki, Poland"]
[Date "2025.04.26"]
[Round "4.11"]
[White "Kilarski, Kacper"]
[Black "Zajadlak, Milosz"]
[Result "1/2-1/2"]
[WhiteElo "1701"]
[BlackElo "1835"]
[PlyCount "89"]
[EventDate "2025.??.??"]

1. d4 d5 2. c4 dxc4 3. Nf3 Nf6 4. Nc3 a6 5. a4 e6 6. e3 Nbd7 7. Bxc4 Be7 8. O-O O-O 9. e4 c5 10. d5 Nb6 11. Ba2 exd5 12. e5 Ne8 13. Nxd5 Nxd5 14. Bxd5 Nc7 15. Be4 Qxd1 16. Rxd1 Rb8 17. Be3 Ne6 18. Nd2 Rd8 19. a5 Nd4 20. Nc4 Be6 21. Nd6 Bxd6 22. exd6 Rxd6 23. Bxd4 cxd4 24. Ra4 Rbd8 25. Rb4 d3 26. Rd2 f5 27. Bf3 Rc8 28. Bd1 Bc4 29. Rxc4 Rxc4 30. Bb3 Rdc6 31. Rxd3 Kf8 32. Bxc4 Rxc4 33. g3 Rb4 34. Rf3 g6 35. b3 Rb5 36. Rc3 Kg7 37. Kf1 Kh6 38. b4 Rxb4 39. Rc5 Rb2 40. Rc7 Rb5 41. Kg2 Rxa5 42. Rxb7 Ra2 43. Kf3 a5 44. h3 a4 45. Ra7 1/2-1/2

[Event "Mistrzostwa Polski Juniorów Młodszych"]
[Site "Suwałki, Poland"]
[Date "2025.04.26"]
[Round "4.1"]
[White "Ejsymont, Eryk"]
[Black "Brzezina, Pawel"]
[Result "1-0"]
[WhiteElo "1908"]
[BlackElo "2125"]
[PlyCount "79"]
[EventDate "2025.??.??"]

1. e4 c5 2. Nf3 e6 3. d4 cxd4 4. Nxd4 Nc6 5. Nc3 Qc7 6. Ncb5 Qb8 7. Bd3 a6 8. Nxc6 bxc6 9. Nd4 Nf6 10. O-O c5 11. Nf3 d6 12. Re1 Nd7 13. b3 Bb7 14. Bb2 e5 15. Nd2 Nb6 16. a4 Be7 17. a5 Nc8 18. Nc4 Bf6 19. f4 O-O 20. Re3 Qc7 21. Rh3 g6 22. Qd2 h5 23. f5 Ne7 24. Rf1 Rad8 25. Rhf3 Kg7 26. Bc1 Ng8 27. Ne3 d5 28. exd5 e4 29. Bxe4 Qe5 30. fxg6 fxg6 31. Bxg6 Kxg6 32. Qd3+ Kg7 33. Rg3+ Kf7 34. Qh7+ Ke8 35. Qxb7 Ne7 36. Qxa6 Rd6 37. Qb5+ Kf7 38. Nc4 Qxd5 39. Nxd6+ Qxd6 40. Bb2 1-0

[Event "Mistrzostwa Polski Juniorów Młodszych"]
[Site "Suwałki, Poland"]
[Date "2025.04.26"]
[Round "4.18"]
[White "Wojtun, Maksymilian"]
[Black "Wiekiera, Tomasz"]
[Result "1-0"]
[WhiteElo "1694"]
[BlackElo "1613"]
[PlyCount "145"]
[EventDate "2025.??.??"]

1. e4 c5 2. Nf3 Nc6 3. Bb5 g6 4. Bxc6 bxc6 5. d4 cxd4 6. Qxd4 f6 7. O-O Bg7 8. c4 Nh6 9. Nc3 O-O 10. Rd1 f5 11. e5 Nf7 12. Bf4 h6 13. h4 d6 14. Qd2 Ba6 15. exd6 e5 16. Be3 e4 17. Nd4 Qxd6 18. Nxf5 gxf5 19. Qxd6 Nxd6 20. Rxd6 Bxc4 21. Rxc6 Bd3 22. Bxh6 Rf6 23. Rxf6 Bxf6 24. Rc1 Rb8 25. b3 Bxh4 26. Nd5 Rd8 27. Ne3 Kh7 28. Nxf5 Bf6 29. Be3 Kg6 30. Ng3 Be5 31. Rc6+ Kf7 32. Rc5 Bb8 33. Bg5 Rd7 34. Rc8 Be5 35. Rc6 Bb1 36. Ra6 Bd3 37. Ra5 Bb8 38. Rf5+ Kg6 39. Be3 Bb1 40. Rg5+ Kf7 41. a3 Rd3 42. b4 Rxa3 43. Kh2 a6 44. Rd5 Rb3 45. Rd7+ Ke6 46. Rb7 Bd6 47. Rb6 Rxb4 48. Rxa6 Kd7 49. Kh3 Bd3 50. Ra7+ Ke6 51. Rh7 Bb5 52. Rh6+ Ke5 53. Nh5 Bd7+ 54. g4 Rb3 55. Kg2 Bb4 56. Bf4+ Kd4 57. Nf6 Bc6 58. Be3+ Kd3 59. g5 Bd2 60. Ng4 Bd5 61. Rd6 Rb5 62. Bxd2 Kxd2 63. Ne3 Rb8 64. Rxd5+ Ke2 65. g6 Rb6 66. Rg5 Rf6 67. g7 Rxf2+ 68. Kg1 Kxe3 69. g8=Q Ke2 70. Qa2+ Kd1 71. Kxf2 e3+ 72. Kxe3 Kc1 73. Rg1# 1-0

[Event "Mistrzostwa Polski Juniorów Młodszych"]
[Site "Suwałki, Poland"]
[Date "2025.04.26"]
[Round "4.9"]
[White "Wolak, Jan"]
[Black "Czech, Franciszek"]
[Result "1-0"]
[WhiteElo "1782"]
[BlackElo "1864"]
[PlyCount "75"]
[EventDate "2025.??.??"]

1. e4 c5 2. g3 d6 3. Bg2 Nc6 4. Ne2 e5 5. c3 g6 6. d3 Bg7 7. Be3 Nge7 8. O-O O-O 9. f4 f5 10. Nd2 Be6 11. Nf3 h6 12. fxe5 fxe4 13. dxe4 Rxf3 14. Bxf3 Nxe5 15. Nf4 Bf7 16. Be2 Qd7 17. Nd5 Nxd5 18. exd5 Re8 19. Bf4 g5 20. Bxe5 Rxe5 21. Bf3 Qb5 22. Qb3 Qd7 23. Rae1 h5 24. Rxe5 Bxe5 25. Qc2 g4 26. Bg2 Kg7 27. Qf2 Qe7 28. Be4 Qf6 29. Qe3 Qe7 30. Qd3 h4 31. Qe2 Qg5 32. Qf2 Bf6 33. Qf4 hxg3 34. hxg3 b5 35. Kg2 a5 36. Qxd6 Be5 37. Qd7 Qh5 38. Rh1 1-0

[Event "Mistrzostwa Polski Juniorów Młodszych"]
[Site "Suwałki, Poland"]
[Date "2025.04.26"]
[Round "4.21"]
[White "Perkowski, Jakub"]
[Black "Tyszka, Kacper"]
[Result "1/2-1/2"]
[WhiteElo "1619"]
[BlackElo "1508"]
[PlyCount "66"]
[EventDate "2025.??.??"]

1. e4 c5 2. Nf3 d6 3. d4 cxd4 4. Nxd4 Nf6 5. Nc3 a6 6. h3 e6 7. g4 h6 8. Bg2 Qc7 9. O-O Nc6 10. Nde2 Be7 11. Be3 Bd7 12. Qd2 Ne5 13. b3 Rc8 14. f4 Ng6 15. Rad1 b5 16. Rc1 Bc6 17. Ng3 Bb7 18. Nce2 d5 19. e5 Nd7 20. Nh5 Rg8 21. Nd4 Ngf8 22. Qf2 g6 23. Ng3 Bh4 24. Qf3 Bxg3 25. Qxg3 Qc3 26. Qf2 h5 27. f5 gxf5 28. gxf5 Nxe5 29. fxe6 Nxe6 30. Nxe6 fxe6 31. Bd4 Nf3+ 32. Qxf3 Qxd4+ 33. Kh1 Qg7 1/2-1/2

[Event "Mistrzostwa Polski Juniorów Młodszych"]
[Site "Suwałki, Poland"]
[Date "2025.04.26"]
[Round "4.3"]
[White "Markowski, Adam"]
[Black "Bury, Marcel"]
[Result "1-0"]
[WhiteElo "1790"]
[BlackElo "1809"]
[PlyCount "129"]
[EventDate "2025.??.??"]

1. d4 Nf6 2. c4 d6 3. Nf3 g6 4. g3 Bg7 5. Bg2 O-O 6. Nc3 Nbd7 7. O-O e5 8. e4 exd4 9. Nxd4 Nc5 10. f3 a5 11. Be3 c6 12. Qd2 Qe7 13. Rad1 Rd8 14. Qf2 Ne6 15. Nc2 a4 16. Rd2 Nd7 17. Na3 Ndc5 18. f4 f5 19. e5 Na6 20. exd6 Rxd6 21. Nxa4 Bd7 22. Rfd1 Rxd2 23. Rxd2 Rd8 24. Nc2 Be8 25. Rxd8 Qxd8 26. Qd2 Qe7 27. b4 Bf8 28. a3 Bf7 29. Nb6 Nec7 30. h3 Ne8 31. Qd3 Nf6 32. Kh2 h5 33. Ne1 Nc7 34. Nf3 Ne6 35. Ne5 Bh6 36. Nc8 Qc7 37. Nd6 Be8 38. Nxe8 Nxe8 39. Nxg6 N8g7 40. b5 Kh7 41. Ne5 cxb5 42. cxb5 h4 43. b6 Qe7 44. Bd2 Qf6 45. Kh1 hxg3 46. Qxg3 Nh5 47. Qf3 Nhxf4 48. Qxb7+ Bg7 49. Bc3 Ne2 50. Bb2 Qh4 51. Nf3 Qf2 52. Be5 f4 53. Qe4+ Kh8 54. Bxg7+ Kxg7 55. Qb1 Nc5 56. b7 Nd7 57. a4 Kh6 58. a5 Nb8 59. Qb6+ Qxb6 60. axb6 Nc3 61. Ne5 Na4 62. Nc6 Nxb6 63. Nxb8 Kg5 64. Na6 Nd7 65. Bc6 1-0

[Event "Mistrzostwa Polski Juniorów Młodszych"]
[Site "Suwałki, Poland"]
[Date "2025.04.26"]
[Round "4.10"]
[White "Olejko, Wojciech"]
[Black "Koch, Maciej"]
[Result "1-0"]
[WhiteElo "1837"]
[BlackElo "1668"]
[PlyCount "87"]
[EventDate "2025.??.??"]

1. d4 Nf6 2. c4 g6 3. Nc3 Bg7 4. e4 d6 5. Be2 O-O 6. Be3 c5 7. d5 e6 8. Nf3 exd5 9. cxd5 Bg4 10. Nd2 Bxe2 11. Qxe2 Nbd7 12. O-O a6 13. a4 Qe7 14. Rfe1 Rab8 15. a5 Ne8 16. f3 Nc7 17. Nc4 Nb5 18. Qd3 Nxc3 19. bxc3 Ne5 20. Nxe5 Qxe5 21. Bd2 Qe7 22. Reb1 Qc7 23. Qc4 f5 24. exf5 Rxf5 25. Rb6 Bf8 26. Re1 Qf7 27. Re6 Rf6 28. Bg5 Rf5 29. Be3 Rf6 30. Rxf6 Qxf6 31. Qxc5 Qh4 32. Bf2 Qa4 33. Qe3 Qxa5 34. Qe6+ Kh8 35. Bd4+ Bg7 36. Bxg7+ Kxg7 37. Qe7+ Kg8 38. Rxd6 Qc5+ 39. Kf1 Qc4+ 40. Kf2 Qxc3 41. Rd7 Qd2+ 42. Kg3 Qh6 43. Qe6+ Kh8 44. Qe5+ 1-0

[Event "Mistrzostwa Polski Juniorów Młodszych"]
[Site "Suwałki, Poland"]
[Date "2025.04.26"]
[Round "4.22"]
[White "Jedlikowski, Jan"]
[Black "Sucharski, Jakub"]
[Result "1/2-1/2"]
[WhiteElo "1530"]
[BlackElo "1786"]
[PlyCount "68"]
[EventDate "2025.??.??"]

1. e4 c5 2. Nf3 e6 3. b4 cxb4 4. d4 d5 5. e5 Bd7 6. a3 bxa3 7. c3 b5 8. Bxa3 Bxa3 9. Nxa3 Qb6 10. Qb3 Ne7 11. Nxb5 O-O 12. Rb1 Bxb5 13. Qxb5 Qc7 14. Qd3 Nd7 15. Ng5 g6 16. Rc1 h6 17. Nf3 Nb6 18. Qd2 Kg7 19. h4 h5 20. Bd3 Nc4 21. Qg5 f6 22. exf6+ Rxf6 23. Bxc4 dxc4 24. Qe5 Qc6 25. O-O Nd5 26. Ng5 Kg8 27. Qe4 Re8 28. Rfe1 Qd6 29. Qe2 Qc6 30. Qe4 Qd6 31. Qe2 Qc7 32. g3 a5 33. Qc2 Qc6 34. Ne4 Rf7 1/2-1/2

[Event "Mistrzostwa Polski Juniorów Młodszych"]
[Site "Suwałki, Poland"]
[Date "2025.04.26"]
[Round "4.2"]
[White "Sniedziewski, Emil"]
[Black "Wites, Adam"]
[Result "0-1"]
[WhiteElo "1985"]
[BlackElo "1901"]
[PlyCount "66"]
[EventDate "2025.??.??"]

1. c4 Nf6 2. g3 e6 3. Bg2 d5 4. Nf3 Be7 5. O-O O-O 6. d4 b6 7. Qc2 Bb7 8. Rd1 Nbd7 9. Nc3 Bb4 10. cxd5 exd5 11. a3 Bxc3 12. bxc3 Re8 13. e3 Ne4 14. c4 c6 15. Nd2 Ndf6 16. a4 Nxf2 17. Kxf2 Ng4+ 18. Kg1 Nxe3 19. Qd3 Nxd1 20. cxd5 Re1+ 21. Nf1 Qf6 22. Qd2 Rae8 23. Qf4 Ne3 24. dxc6 Qxf4 25. gxf4 Ba6 26. Bxe3 Rxa1 27. d5 Bxf1 28. Bd4 Bxg2+ 29. Kxg2 Rd1 30. d6 Rxd4 31. d7 Rxd7 32. cxd7 Rd8 33. f5 Rxd7 0-1

[Event "Mistrzostwa Polski Juniorów Młodszych"]
[Site "Suwałki, Poland"]
[Date "2025.04.26"]
[Round "4.20"]
[White "Malinowski, Tobiasz"]
[Black "Lisek, Adam"]
[Result "0-1"]
[WhiteElo "1653"]
[BlackElo "1575"]
[PlyCount "116"]
[EventDate "2025.??.??"]

1. d4 Nf6 2. Bg5 c5 3. Bxf6 exf6 4. d5 g6 5. c4 Bg7 6. Nc3 d6 7. e3 Nd7 8. g3 O-O 9. Bg2 Ne5 10. b3 f5 11. Nge2 Qa5 12. Qd2 a6 13. a4 Bd7 14. h3 b5 15. f4 b4 16. fxe5 bxc3 17. Qxc3 Qxc3+ 18. Nxc3 Bxe5 19. Kd2 Rfe8 20. Rhc1 Rab8 21. Ra3 Bxg3 22. Rf1 Be5 23. Nd1 Re7 24. Rf2 Bf6 25. Kd3 Bg5 26. Rf1 Rbe8 27. Re1 f4 28. e4 f5 29. Nf2 Bh4 30. Ra2 fxe4+ 31. Bxe4 f3 32. b4 Bxf2 33. Rxf2 Rxe4 34. Rxe4 Bf5 35. b5 axb5 36. axb5 Rxe4 37. Rxf3 Rf4+ 38. Ke3 Rxc4 39. Rf4 Rc3+ 40. Kd2 Rb3 41. Ra4 Rxb5 42. Ra6 Rb7 43. Ke3 Bxh3 44. Kf4 Bf5 45. Kg5 Kg7 46. Rc6 Rd7 47. Kf4 h5 48. Ra6 h4 49. Ra2 h3 50. Re2 Kf6 51. Re1 Re7 52. Rd1 Re4+ 53. Kg3 Rd4 54. Ra1 c4 55. Rc1 Rd3+ 56. Kh2 c3 57. Kg1 c2 58. Rxc2 Rd1+ 0-1

[Event "Mistrzostwa Polski Juniorów Młodszych"]
[Site "Suwałki, Poland"]
[Date "2025.04.26"]
[Round "4.13"]
[White "Pawlak, Mateusz"]
[Black "Bednarek, Jan"]
[Result "1/2-1/2"]
[WhiteElo "1604"]
[BlackElo "1989"]
[PlyCount "160"]
[EventDate "2025.??.??"]

1. e4 c5 2. Nf3 d6 3. d4 cxd4 4. Nxd4 Nf6 5. Nc3 a6 6. Be2 e5 7. Nf3 Be7 8. Bg5 Be6 9. O-O Nbd7 10. Re1 h6 11. Be3 O-O 12. h3 b5 13. a3 Rc8 14. Nd2 Nb6 15. Bxb6 Qxb6 16. Bf3 Rfd8 17. Nf1 b4 18. axb4 Qxb4 19. Rb1 a5 20. Ne3 a4 21. Bg4 Nxg4 22. hxg4 Bg5 23. Ned5 Qd4 24. Qxd4 exd4 25. Nb5 Bxd5 26. exd5 Bf6 27. Red1 Rc5 28. Nxd4 Rxd5 29. c3 Bxd4 30. Rxd4 Rxd4 31. cxd4 Rb8 32. f3 d5 33. Ra1 Rb4 34. Ra3 Kf8 35. Kh2 Ke7 36. Kg3 Rxd4 37. b3 axb3 38. Rxb3 g6 39. Rb6 Rc4 40. Kf2 Rc2+ 41. Kf1 d4 42. Rb4 d3 43. Rd4 d2 44. Ke2 d1=Q+ 45. Kxd1 Rxg2 46. Ke1 Kf6 47. Rd5 Ra2 48. Rb5 Kg7 49. Kf1 Rc2 50. Kg1 Rd2 51. Kf1 Ra2 52. Ke1 Rh2 53. Kf1 Ra2 54. Ke1 g5 55. Kf1 f6 56. Kg1 Kg6 57. Rb6 Rc2 58. Ra6 Rb2 59. Rc6 Re2 60. Rb6 Re7 61. Kg2 Kf7 62. Ra6 Re6 63. Ra5 Kg6 64. Kg3 Re5 65. Ra6 Re7 66. Rb6 Rf7 67. Rb5 h5 68. gxh5+ Kxh5 69. f4 Ra7 70. fxg5 fxg5 71. Rb4 Ra3+ 72. Kg2 Ra2+ 73. Kg1 g4 74. Rb3 Kh4 75. Rc3 Re2 76. Rb3 Re4 77. Kg2 Rc4 78. Ra3 g3 79. Ra8 Rc2+ 80. Kg1 Rc1+ 1/2-1/2

[Event "Mistrzostwa Polski Juniorów Młodszych"]
[Site "Suwałki, Poland"]
[Date "2025.04.26"]
[Round "4.5"]
[White "Bilochenko, Matvii"]
[Black "Kaczmarek, Piotr"]
[Result "1-0"]
[WhiteElo "2027"]
[BlackElo "1767"]
[PlyCount "85"]
[EventDate "2025.??.??"]

1. e4 c5 2. Nf3 e6 3. g3 Nc6 4. Bg2 d6 5. d4 cxd4 6. Nxd4 d5 7. exd5 exd5 8. O-O g6 9. c4 Be6 10. Nxe6 fxe6 11. cxd5 exd5 12. Qxd5 Qxd5 13. Bxd5 Nge7 14. Bg2 Bg7 15. Nc3 O-O 16. Bf4 Nf5 17. Rad1 Rad8 18. Rxd8 Rxd8 19. Rd1 Rxd1+ 20. Nxd1 Kf7 21. Kf1 h6 22. Ke2 g5 23. Bd2 Ke6 24. Bh3 Kd6 25. Bxf5 Nd4+ 26. Kd3 Nxf5 27. g4 Ne7 28. Ne3 Ke6 29. b3 Be5 30. h3 b5 31. Ke4 Ng8 32. Nd5 Nf6+ 33. Nxf6 Bxf6 34. f4 gxf4 35. Bxf4 Bg7 36. h4 a6 37. h5 a5 38. g5 hxg5 39. Bxg5 a4 40. h6 Bh8 41. Be3 axb3 42. axb3 Kf7 43. Bd4 1-0

[Event "Mistrzostwa Polski Juniorów Młodszych"]
[Site "Suwałki, Poland"]
[Date "2025.04.26"]
[Round "4.6"]
[White "Janeczek, Maksymilian"]
[Black "Serafin, Franciszek"]
[Result "0-1"]
[WhiteElo "1748"]
[BlackElo "1955"]
[PlyCount "104"]
[EventDate "2025.??.??"]

1. e4 c5 2. Nf3 d6 3. d4 cxd4 4. Nxd4 Nf6 5. Nc3 a6 6. Bc4 Qc7 7. Bb3 e6 8. Be3 Be7 9. f3 h5 10. Qd2 Bd7 11. O-O-O Nc6 12. h4 b5 13. Nxc6 Bxc6 14. Bf4 Rd8 15. Qe2 b4 16. Nb1 Bb5 17. Qe3 Nd7 18. Qd2 e5 19. Bg5 Nc5 20. Bxe7 Qxe7 21. Qxb4 Rc8 22. Nc3 O-O 23. Kb1 Rb8 24. Nd5 Qd8 25. Qd2 a5 26. Ne3 a4 27. Bc4 Bxc4 28. Nxc4 Qc8 29. Qxd6 Nxe4 30. fxe4 Qxc4 31. Qd5 Qc3 32. b3 a3 33. Kc1 Qb2+ 34. Kd2 Rfd8 35. Kd3 Rxd5+ 36. exd5 Qd4+ 37. Ke2 Qe4+ 38. Kf2 Qxc2+ 39. Kg3 Qxa2 40. d6 Qxb3+ 41. Kh2 Rd8 42. Rd2 a2 43. Rc1 Qb4 44. Rcd1 Rxd6 45. Rxd6 Qxd6 46. Rxd6 a1=Q 47. Rd8+ Kh7 48. Re8 Qd4 49. g3 e4 50. Re7 Qf2+ 51. Kh3 Qg1 52. g4 hxg4# 0-1

[Event "Mistrzostwa Polski Juniorów Młodszych"]
[Site "Suwałki, Poland"]
[Date "2025.04.26"]
[Round "4.16"]
[White "Kopacki, Aleksander"]
[Black "Dorowski, Nataniel"]
[Result "1-0"]
[WhiteElo "1980"]
[BlackElo "1621"]
[PlyCount "63"]
[EventDate "2025.??.??"]

1. e4 e6 2. Nf3 d5 3. Nc3 d4 4. Ne2 c5 5. c3 Nc6 6. cxd4 cxd4 7. Qa4 Bc5 8. b4 Bxb4 9. Nexd4 Qb6 10. Nxc6 bxc6 11. Rb1 Rb8 12. a3 a5 13. axb4 axb4 14. Ba3 Bd7 15. Rxb4 Qc7 16. Rxb8+ Qxb8 17. Qb4 Qxb4 18. Bxb4 Nf6 19. Bd3 Kd8 20. Ke2 Nh5 21. g3 f6 22. Ra1 Re8 23. Ra8+ Kc7 24. Ra7+ Kd8 25. e5 f5 26. Ng5 Rg8 27. Nf7+ Ke8 28. Nd6+ Ke7 29. Nxf5+ Ke8 30. Ra8+ Kf7 31. Nd6+ Ke7 32. Rxg8 1-0

[Event "Mistrzostwa Polski Juniorów Młodszych"]
[Site "Suwałki, Poland"]
[Date "2025.04.26"]
[Round "4.4"]
[White "Chmielek, Milan"]
[Black "Mrozowski, Nikodem"]
[Result "1-0"]
[WhiteElo "1954"]
[BlackElo "1984"]
[PlyCount "81"]
[EventDate "2025.??.??"]

1. d4 Nf6 2. c4 g6 3. Nc3 d5 4. Bg5 Ne4 5. Bh4 Nxc3 6. bxc3 Bg7 7. e3 O-O 8. Nf3 dxc4 9. Bxc4 c5 10. O-O Nc6 11. Qd2 Na5 12. Bd3 b6 13. Be4 Bb7 14. Bxb7 Nxb7 15. Rfd1 Bf6 16. Bg3 Qd5 17. Qd3 cxd4 18. cxd4 Rac8 19. e4 Qa5 20. e5 Bg7 21. Qe4 Qa6 22. h4 e6 23. h5 Bh6 24. Bf4 Bxf4 25. Qxf4 Qa3 26. Ng5 Qe7 27. Ne4 Kg7 28. Nf6 h6 29. Rd3 Nd6 30. d5 Rc4 31. Qf3 Rd8 32. hxg6 fxg6 33. dxe6 Qxe6 34. Rxd6 Rxd6 35. Qb7+ Kf8 36. Nh7+ Kg8 37. exd6 Qxd6 38. Re1 Rc7 39. Qd5+ Qxd5 40. Nf6+ Kf7 41. Nxd5 1-0

[Event "Mistrzostwa Polski Juniorów Młodszych"]
[Site "Suwałki, Poland"]
[Date "2025.04.26"]
[Round "4.8"]
[White "Szeszycki, Jan"]
[Black "Kiecana, Ignacy"]
[Result "1-0"]
[WhiteElo "1875"]
[BlackElo "1744"]
[PlyCount "78"]
[EventDate "2025.??.??"]

1. e4 c5 2. Nf3 d6 3. d4 cxd4 4. Nxd4 Nf6 5. Nc3 a6 6. Bg5 e6 7. f4 Be7 8. Qf3 Qb6 9. O-O-O Nc6 10. Nxc6 Qxc6 11. Qg3 h6 12. Bh4 Nh5 13. Qg4 Bxh4 14. Qxh4 Nf6 15. g4 O-O 16. g5 hxg5 17. fxg5 Nd7 18. Rd3 Re8 19. Rh3 Kf8 20. Qh8+ Ke7 21. Qxg7 b5 22. Bd3 b4 23. Ne2 Ne5 24. Rf1 Rf8 25. Nf4 Bb7 26. g6 Rac8 27. Kb1 Rg8 28. Nd5+ exd5 29. Rxf7+ Nxf7 30. Qxf7+ Kd8 31. Qxg8+ Kc7 32. Qf7+ Kb6 33. g7 dxe4 34. g8=Q exd3 35. Qg1+ Ka5 36. Rh5+ d5 37. Rxd5+ Qxd5 38. Qxd5+ Bxd5 39. cxd3 Kb5 1-0

[Event "Mistrzostwa Polski Juniorów Młodszych"]
[Site "Suwałki, Poland"]
[Date "2025.04.26"]
[Round "4.12"]
[White "Kopia, Julian"]
[Black "Szokalo, Jan"]
[Result "1/2-1/2"]
[WhiteElo "1814"]
[BlackElo "1591"]
[PlyCount "41"]
[EventDate "2025.??.??"]

1. e4 b6 2. d4 Bb7 3. Bd3 Nf6 4. Nd2 d6 5. Ngf3 g6 6. O-O Bg7 7. c3 O-O 8. Re1 e6 9. a4 Nbd7 10. a5 Rc8 11. a6 Ba8 12. Nb1 Re8 13. Na3 Nb8 14. Nb5 c6 15. Na3 b5 16. Nc2 Qb6 17. c4 Nxa6 18. cxb5 cxb5 19. Bd2 Nb8 20. Ra5 a6 21. Qa1 1/2-1/2

[Event "Mistrzostwa Polski Juniorów Młodszych"]
[Site "Suwałki, Poland"]
[Date "2025.04.26"]
[Round "4.17"]
[White "Guzdziol, Olaf"]
[Black "Cichocki, Aleksander"]
[Result "0-1"]
[WhiteElo "1601"]
[BlackElo "1698"]
[PlyCount "72"]
[EventDate "2025.??.??"]

1. e4 e5 2. Nf3 Nc6 3. Bc4 Bc5 4. b4 Bxb4 5. c3 Ba5 6. d4 exd4 7. O-O d6 8. cxd4 Nf6 9. Qb3 O-O 10. d5 Ne7 11. Bd2 Bxd2 12. Nbxd2 Ng6 13. Rfe1 Re8 14. Rab1 Nd7 15. Bb5 Nc5 16. Qc4 Re7 17. e5 a6 18. exd6 cxd6 19. Rxe7 Nxe7 20. Be8 Qxe8 21. Re1 Qf8 22. Nb3 b5 23. Qe2 Nxb3 24. axb3 Nxd5 25. Qe4 Bb7 26. Ng5 g6 27. Qh4 Qg7 28. Qg3 Qc3 29. f3 Nb4 30. Qh4 h5 31. Nxf7 Nd3 32. Nh6+ Kh7 33. Qe7+ Kxh6 34. Rd1 Qc5+ 35. Kh1 Nf2+ 36. Kg1 Nh3+ 0-1